000 00893nam a2200205Ia 4500
003 OSt
005 20241112153900.0
007 ca aa aaaaa
008 201103s9999 xx 000 0 und d
040 _cSSBUL
041 _abur
082 _223
_a၂၉၄.၃၄၄၃၅ သု
_b၉၂၀၄ S-SAT
100 0 _aသုနန္ဒ၊ ဘဒ္ဒန္တ၊ အဂ္ဂမဟာပဏ္ဍိတ
_917347
245 1 0 _aဘာဝနာနယသင်္ခေပကျမ်း /
_cဘဒ္ဒန္တသုနန္ဒအဂ္ဂမဟာပဏ္ဍိတ။
260 _aရန်ကုန် ၊
_bဝင်းရွှေစင်ပုံနှိပ်တိုက်၊
_c၁၉၉၂။
300 _aငင၊ ၂၁၀ စာမျက်နှာ ၊
_c၂၄ စင်တီ။
500 _aS-SAT: Dr. Sai Aung Tun
650 _aဝိပဿနာ
942 _2ddc
_cBK1
999 _c16738
_d16738